Realms of environment and ecology / (Record no. 89213)

MARC details
000 -LEADER
fixed length control field 00654nam a22002177a 4500
005 - DATE AND TIME OF LATEST TRANSACTION
control field 20141015113426.0
010 ## - LCCN (DPL NO)
LC control number ENG-111013
020 ## - INTERNATIONAL STANDARD BOOK NUMBER
Terms of availability 135.00
International Standard Book Number 9788175157002
020 ## - INTERNATIONAL STANDARD BOOK NUMBER
Terms of availability 135.00
International Standard Book Number 8175157003
035 ## - SYSTEM CONTROL NUMBER
System control number EN-94545
037 ## - SOURCE OF ACQUISITION
Source of stock number/acquisition DBAD/PUB
082 ## - DEWEY DECIMAL CLASSIFICATION NUMBER
Classification number 577
100 ## - MAIN ENTRY--PERSONAL NAME
Personal name Singh, Kalpna
245 ## - TITLE STATEMENT
Title Realms of environment and ecology /
Statement of responsibility, etc by Kalpna Singh, Umesh Sharma [and] S.K. Pathak
260 ## - PUBLICATION, DISTRIBUTION, ETC. (IMPRINT)
Place of publication, distribution, etc New Delhi
Name of publisher, distributor, etc Galgotia Publications
Date of publication, distribution, etc 2012
270 ## - ADDRESS
City New Delhi
Postal code 110002
Address 5, Ansari Road, Darya Ganj
300 ## - PHYSICAL DESCRIPTION
Extent xxiv,134p.
Dimensions 22cm(pbk)
700 ## - ADDED ENTRY--PERSONAL NAME
Personal name Sharma, Umesh
700 ## - ADDED ENTRY--PERSONAL NAME
Personal name Pathak, S.K.
942 ## - ADDED ENTRY ELEMENTS (KOHA)
Source of classification or shelving scheme Dewey Decimal Classification
Item type English Books
Call number suffix SIN
Classification part 577
Holdings
Withdrawn status Lost status Not for loan Collection code Home library Current library Date acquired Source of acquisition Cost, normal purchase price Full call number Barcode Copy number Cost, replacement price Koha item type
    Not For Loan Non-fiction D.B.Act.Division D.B.Act.Division 09/10/2014 DBAD/PUB 135.00 577 SIN EN-94545 1 135.00 English Books

© Delhi Public Library
Hit Counter
free hit counter